Loading...
| Popular Culture | 0 | 2 | 0 | 0 | 20 | 37 | 42.50 | 1 | 2 | 24.92 | 37.14 |
| Fine Arts - Other | 0 | 2 | 1 | 1 | 15 | 97 | 100.00 | 0 | 1 | 1.66 | 12.43 |
| Social Science | 0 | 1 | 0 | 0 | 10 | 50 | 50.00 | 0 | 1 | 9.09 | 13.89 |
| Fine Arts - Classical Music | 0 | 1 | 0 | 1 | 10 | 126 | 126.00 | 0 | 0 | 0.17 | 1.59 |
| Religion | 0 | 1 | 0 | 1 | 10 | 121 | 121.00 | 0 | 0 | 0.00 | 1.85 |
| Science - Chemistry | 0 | 1 | 0 | 0 | 10 | 90 | 90.00 | 0 | 0 | 0.36 | 5.56 |
| Science - Other | 0 | 1 | 0 | 0 | 10 | 57 | 57.00 | 1 | 1 | 5.41 | 9.26 |
| Science - Physics | 0 | 1 | 0 | 1 | 10 | 109 | 109.00 | 0 | 1 | 0.00 | 1.85 |
| Current Events | 0 | 1 | 0 | 1 | 10 | 109 | 109.00 | 0 | 1 | 0.00 | 4.76 |
| Literature - European | 0 | 1 | 0 | 0 | 10 | 85 | 85.00 | 1 | 1 | 3.24 | 11.11 |
| History - American | 0 | 1 | 1 | 1 | 5 | 105 | 105.00 | 0 | 0 | 0.00 | 4.76 |
| History - World | 0 | 1 | 1 | 0 | 5 | 106 | 106.00 | 0 | 0 | 0.00 | 3.70 |
| Literature - British | 0 | 0 | 1 | 0 | -5 | 0.00 | 0 | 0 | 0.00 | 0.00 | |
| Science - Biology | 0 | 0 | 1 | 0 | -5 | 0.00 | 0 | 0 | 0.00 | 0.00 | |
| Geography | 0 | 0 | 1 | 0 | -5 | 0.00 | 0 | 0 | 0.00 | 0.00 |